Online
Catalog

La democracia en América 1 / (Record no. 40043)

MARC details
000 -CABECERA
campo de control de longitud fija 00732nam a2200205 a 4500
001 - NÚMERO DE CONTROL
campo de control 000040553
005 - FECHA Y HORA DE LA ÚLTIMA TRANSACCIÓN
campo de control 20201002034217.0
008 - DATOS DE LONGITUD FIJA--INFORMACIÓN GENERAL
campo de control de longitud fija 130830s2009 sp 000 0 spa d
020 ## - NÚMERO INTERNACIONAL ESTÁNDAR DEL LIBRO
Número Internacional Estándar del Libro 9788420673455
040 ## - FUENTE DE LA CATALOGACIÓN
Centro catalogador/agencia de origen DO-SdBNP
Lengua de catalogación spa
Centro/agencia transcriptor BNPHU
100 1# - ENTRADA PRINCIPAL--NOMBRE DE PERSONA
Nombre de persona Toquevile, Alexis de
9 (RLIN) 66876
245 13 - MENCIÓN DE TÍTULO
Título La democracia en América 1 /
Mención de responsabilidad, etc. Alexis de Tocqueville ; prólogo Ángel Rivero.
246 13 - FORMA VARIANTE DE TÍTULO
Título propio/Titulo breve La democracia en América 2
260 ## - PUBLICACIÓN, DISTRIBUCIÓN, ETC.
Lugar de publicación, distribución, etc. Madrid :,
Fecha de publicación, distribución, etc. 2009.
300 ## - DESCRIPCIÓN FÍSICA
Extensión 2 v. ;
Dimensiones 23 cm.
490 1# - MENCIÓN DE SERIE
Mención de serie Ciencia política
-- Libro del bolsillo
Designación de volumen o secuencia 3418, 3419
500 ## - NOTA GENERAL
Nota general Incluye referencias bibliográficas y notas al pie de las páginas
700 1# - PUNTO DE ACCESO ADICIONAL--NOMBRE DE PERSONA
Nombre de persona Rivero, Ángel
9 (RLIN) 66392
830 #0 - PUNTO DE ACCESO ADICIONAL DE SERIE-TÍTULO UNIFORME
Título uniforme Ciencia política
Nombre de parte o sección de la obra Libro del bolsillo
Designación de volumen o secuencia 3418-3419
9 (RLIN) 66877
Holdings
Estado de retiro Estado de pérdida Restricciones de uso No para préstamo Código de colección Localización permanente Ubicación/localización actual Ubicación en estantería Fecha de adquisición Número de inventario Total de préstamos Signatura topográfica completa Código de barras Fecha visto por última vez Precio válido a partir de Tipo de ítem Koha
      Excluido de préstamo Monografías: Libros y Folletos General General En catalogación 30.08.2013 LF1   v. 2 40553-10 25.06.2020 25.06.2020 No se presta
      Excluido de préstamo Monografías: Libros y Folletos General General En catalogación 02.10.2013 LF1   v. 1 40553-20 25.06.2020 25.06.2020 No se presta

Powered by Koha